书目信息 |
| 题名: |
报功单
|
|
| 作者: | 王昭生 编剧 ;张斌乐 整理 | |
| 分册: | ||
| 出版信息: | 济南 山东人民出版社 1959 |
|
| 页数: | 34页 | |
| 开本: | 19cm | |
| 丛书名: | ||
| 单 册: | ||
| 中图分类: | I236.52 | |
| 科图分类: | ||
| 主题词: | 吕剧--剧本 | |
| 电子资源: | ||
| ISBN: | T10099.763 | |
| 000 | 00688cam0 2200241 450 | |
| 001 | 0105453081 | |
| 005 | 20070514103956.0 | |
| 010 | @aT10099.763@dCNY0.12 | |
| 091 | @aT10099.763@dCNY0.12 | |
| 100 | @a19960402d1959 em y0chiy0110 ea | |
| 101 | 0 | @achi |
| 102 | @aCN@b370000 | |
| 105 | @ag z 000by | |
| 106 | @ar | |
| 200 | 1 | @a报功单@9Bao Gong Dan;Shan;Chan @e吕剧@f王昭生编剧@g张斌乐整理@b专著 |
| 210 | @a济南@c山东人民出版社@d1959 | |
| 215 | @a34页@c曲谱@d19cm | |
| 606 | 0 | @a吕剧@x剧本 |
| 690 | @aI236.52@v3 | |
| 701 | 0 | @a王昭生@9wang zhao sheng@4编剧 |
| 702 | 0 | @a张斌乐@9zhang bin le@4整理 |
| 801 | 0 | @aCN@b上海图书馆@c19970403 |
| 905 | @aBZT@dI236.52@e1@f1@sI236.52/1 | |
| 报功单:吕剧/王昭生编剧/张斌乐整理.-济南:山东人民出版社,1959 |
| 34页:曲谱;19cm |
| ISBN T10099.763:CNY0.12 |
| ● |
| 相关链接 |
|
|
|
正题名:报功单
索取号:I236.52/1
 
预约/预借
| 序号 | 登录号 | 条形码 | 馆藏地/架位号 | 状态 | 备注 |
| 1 | 2000033840 | 2000033840 | 旧书回溯/ [索取号:I236.52/1] | 在馆 |